Shape-shifter /
Saved in:
| 主要作者: | |
|---|---|
| 其他作者: | |
| 格式: | 图书 |
| 语言: | English |
| 出版: |
Wellington, N.Z. :
Steele Roberts Ltd,
c1997.
|
| 主题: | |
| 标签: |
添加标签
没有标签, 成为第一个标记此记录!
|
| LEADER | 01102nam a2200325 a 4500 | ||
|---|---|---|---|
| 001 | 007768361-7 | ||
| 005 | 20020606104010.5 | ||
| 008 | 981113s1997 nz a 000 0 eng d | ||
| 020 | |a 0958371210 (pbk.) : |c $29.95 | ||
| 035 | 0 | |a ocm40404944 | |
| 035 | 1 | |a MHAG98B1534 | |
| 035 | 1 | |z NZNG97120728B | |
| 037 | |b Steele Roberts, P.O. Box 9321, Wellington, N.Z. | ||
| 040 | |a Nz |d DLC | ||
| 043 | |a u-nz--- | ||
| 050 | 0 | 0 | |a PR9639.3.T8 |b S43 1997 |
| 082 | 0 | |a NZ821.2 |2 21 | |
| 100 | 1 | |a Tuwhare, Hone, |d 1922- | |
| 245 | 1 | 0 | |a Shape-shifter / |c Hone Tuwhare ; illustrated by Shirley Grace. |
| 246 | 3 | |a Shape shifter | |
| 260 | |a Wellington, N.Z. : |b Steele Roberts Ltd, |c c1997. | ||
| 300 | |a 119 p. : |b ill. (some col.) ; |c 23 cm. | ||
| 500 | |a Poems, some previously published, and two stories. | ||
| 650 | 0 | |a Maori (New Zealand people) |v Poetry. | |
| 651 | 0 | |a New Zealand |v Poetry. | |
| 655 | 7 | |a Poetry. |2 fast | |
| 700 | 1 | |a Grace, Shirley. | |
| 776 | 0 | 8 | |i Online version: |a Tuwhare, Hone, 1922-2008. |t Shape-shifter. |d Wellington, N.Z. : Steele Roberts, c1997 |w (OCoLC)891813783 |
| 988 | |a 20020608 | ||
| 906 | |0 RLIN | ||


